000 00441cam a22001217a 4500
008 180718b-- xxu||||| |||| 00| 0 eng d
082 _aL906x5433 E
245 _aEpitome of CAG's reports on the government of Punjab
_cby Accountant General (Audit), Punjab
260 _aChandigarh
_bAccountant General (Audit)
_c--
500 _aLibrary has 1999/2000-2004/05
650 _aAuditing - India - Punjab
700 _aPunjab. Accountant General (Audit)
999 _c480356
_d480356